000 00699nam a2200289Ia 4500
005 20260324134845.0
008 008 260324s9999 xx 000 0 eng d
020 _a9781315023069
037 _aEBOOK
040 _aCRL
040 _beng
040 _cCRL
041 _2eng
041 _aeng
084 _qCRL
100 _aAnne Meis Knupfer
_91198424
245 0 _aReform and Resistance
245 0 _bGender, Delinquency, and America's First Juvenile Court
260 _bTaylor and Francis
260 _c2001
365 _a
365 _b230
856 _uhttp://www.taylorfrancis.com/books/9781315023069
942 _cEBOOK
999 _c1798910
_d1798910